000 00708nam a2200289Ia 4500
005 20260324143325.0
008 008 260324s9999 xx 000 0 eng d
020 _a9781315288451
037 _aEBOOK
040 _aCRL
040 _beng
040 _cCRL
041 _2eng
041 _aeng
084 _qCRL
100 _aMarjorie Mandelstam Balzer; Ronald Radzai
_91215233
245 0 _aRussian Traditional Culture
245 0 _bReligion, Gender and Customary Law
260 _bTaylor and Francis
260 _c1992
365 _a
365 _b280
856 _uhttp://www.taylorfrancis.com/books/9781315288451
942 _cEBOOK
999 _c1820461
_d1820461